pokemon names unscramble - Statistics

General Stats
  • This quiz has been taken 2,312 times
  • The average score is 12 of 19
Answer Stats
Hint Answer % Correct
suiqtlre squirtle
99%
pkaiuhc pikachu
96%
crhamdrena charmander
92%
ublsuraba bulbasaur
86%
ototiled totodile
75%
cimrhcah chimchar
70%
nysvi snivy
70%
ycniqliulda cyndaquil
68%
lipupp piplup
68%
kdiump mudkip
63%
ckrotiahi chikorita
62%
tgpei tepig
62%
wosattho oshawott
53%
wtigttru turtwig
47%
rketeoc treecko
45%
cthocicr torchic
43%
kfnennei fennekin
34%
krafoei froakie
31%
cpnhise chespin
28%
No matching quizzes found
Score Distribution
Percent of People with Each Score
Percentile by Number Answered
Your Score History
You have not taken this quiz